'D' in Geography Quiz Stats

 Plays Quiz Updated Jun 27, 2017

Score 0/16 Timer 05:00
7 Plays Today
Question Answer % Correct
Which Scandinavian country has sovereignty over Greenland and the Faroe Islands?Denmark
97.7%
Which prosperous city, in an emirate of the same name, is home to the world's tallest building?Dubai
94.9%
What is the name given to the currency used by 34 countries including Australia and Canada?Dollar
92.9%
What country shares the Caribbean island Hispaniola with Haiti?Dominican Republic
91.8%
Which US state was the first state to be admitted to the union on 7th December 1787?Delaware
90.7%
Which central European river has its source in the Black Forest and its mouth in the Black Sea?Danube
90.6%
What is the general name given to a hot (or cold) barren region, with a moisture deficit?Desert
89.9%
What name is given to the hypersaline lake in the Middle East at 423m below sea level?Dead Sea
85.3%
Question Answer % Correct
Which US state capital is nicknamed the 'Mile-High City'?Denver
85.2%
Which Indian city, the second largest, is located in a region of the same name?Delhi
83%
What is the capital of the country which covers the majority of the 'Emerald Isle'?Dublin
82.9%
Which mythical creature is 'Druk', found on Bhutan's flag?Dragon
82.6%
Can you name the country whose flag is in the images above?Djibouti
73.1%
Can you name the type of geographical feature in the images above?Delta
69.1%
Can you name the country whose outline is in the images above?Democratic Republic of Congo
57.6%
Can you name the landmark in the images above?Devils Tower
29.4%

You're not logged in!

Compare scores with friends on all Sporcle quizzes.
OR
Log In

You Might Also Like...

Show Comments

Extras

Top Quizzes Today


Score Distribution

Your Account Isn't Verified!

In order to create a playlist on Sporcle, you need to verify the email address you used during registration. Go to your Sporcle Settings to finish the process.

Report this User

Report this user for behavior that violates our Community Guidelines.

Details: